000 00680nam a22001937a 4500
999 _c175766
_d175766
005 20200928111655.0
010 _aUR-10874
020 _c112.00
_a9789390100064
035 _aU-9429
037 _bDBAD/PUB
082 _a841
100 _aمحمد ا يو ب خا ن
245 _aسفرد ر سفر (شعر ی جمو عہ )
_cمحمد ا يو ب خا ن
246 _bSafar Dar Safar (Urdu)
_aby Mohd.. Ayyub Khan
260 _aN.Delhi
_bEducational Publishing House
_c2020 ء
270 _aH.O.D1/16,Ansari Road,Darya ganj,
_bN.Delhi
_e110002
_k45678285,23216162
_l0091-11-23211540
300 _a112 ص
_c22 Cm(Hb)
942 _2ddc
_cUR
_h841
_mم ح م